日本で唯一の学部がある国立大学 - Statistics

General Stats
  • This quiz has been taken 74 times
  • The average score is 6 of 25
Answer Stats
学部 大学 % Correct
園芸学部 千葉大学
88%
繊維学部 信州大学
63%
ソーシャル・データサイエンス学部 一橋大学
60%
海洋資源環境学部 東京海洋大学
46%
都市科学部 横浜国立大学
42%
国際資源学部 秋田大学
39%
言語文化学部 東京外国語大学
39%
海洋政策科学部 神戸大学
34%
工芸科学部 京都工芸繊維大学
24%
文教育学部 お茶の水女子大学
18%
グローバル共創科学部 静岡大学
10%
生物生産学部 広島大学
10%
地域科学部 岐阜大学
10%
多文化社会学部 長崎大学
10%
農林海洋科学部 高知大学
10%
材料エネルギー学部 島根大学
9%
芸術地域デザイン学部 佐賀大学
9%
福祉健康科学部 大分大学
9%
地域デザイン科学部 宇都宮大学
7%
農学生命科学部 弘前大学
7%
地域資源創成学部 宮崎大学
7%
生物資源産業学部 徳島大学
6%
国際総合科学部 山口大学
6%
社会共創学部 愛媛大学
4%
国際地域創造学部 琉球大学
4%
No matching quizzes found
Score Distribution
Percent of People with Each Score
Percentile by Number Answered
Your Score History
You have not taken this quiz